| 000 -LEADER |
| fixed length control field |
00662nam a22001937a 4500 |
| 003 - CONTROL NUMBER IDENTIFIER |
| control field |
BD-DhUAP |
| 005 - DATE AND TIME OF LATEST TRANSACTION |
| control field |
20200224102049.0 |
| 008 - FIXED-LENGTH DATA ELEMENTS--GENERAL INFORMATION |
| fixed length control field |
200224s1996 ii ||||| |||| 00| 0 eng d |
| 020 ## - INTERNATIONAL STANDARD BOOK NUMBER |
| International Standard Book Number |
8170235952 |
| 040 ## - CATALOGING SOURCE |
| Original cataloging agency |
BD-DhUAP |
| Language of cataloging |
Eng |
| Transcribing agency |
BD-DhUAP |
| Modifying agency |
BD-DhUAP |
| 082 ## - DEWEY DECIMAL CLASSIFICATION NUMBER |
| Edition number |
23 |
| Classification number |
820.9001 WRI |
| 245 ## - TITLE STATEMENT |
| Title |
Writing over : |
| Remainder of title |
medieval to Renaissance / |
| Statement of responsibility, etc. |
Edited by Supriya Chaudhury and Sukanta Chaudhury |
| 260 ## - PUBLICATION, DISTRIBUTION, ETC. |
| Place of publication, distribution, etc. |
Calcutta : |
| Name of publisher, distributor, etc. |
Allied publishers limited, |
| Date of publication, distribution, etc. |
c1996. |
| 300 ## - PHYSICAL DESCRIPTION |
| Extent |
viii,153 pages ; |
| Dimensions |
22 cm. |
| 650 ## - SUBJECT ADDED ENTRY--TOPICAL TERM |
| Topical term or geographic name entry element |
English literature |
| Form subdivision |
History and criticism |
| Chronological subdivision |
Middle English, 1100-1500. |
| 700 ## - ADDED ENTRY--PERSONAL NAME |
| Personal name |
Chaudhury, Supriya. |
| 700 ## - ADDED ENTRY--PERSONAL NAME |
| Personal name |
Chaudhury, Sukanta. |
| 942 ## - ADDED ENTRY ELEMENTS (KOHA) |
| Source of classification or shelving scheme |
|
| Koha item type |
Book |